Colleges By logos - Statistics

General Stats
  • This quiz has been taken 269 times
  • The average score is 12 of 16
Answer Stats
Picture Answer % Correct
Syracuse
95%
Colorado
94%
Boston College
93%
Utah
92%
Boise State
89%
Virginia
88%
Arizona State
86%
Temple
84%
Creighton
80%
Fresno State
75%
Washington State
72%
Northern Illinois
68%
Eastern Carolina
65%
South Florida
62%
Western Michigan
48%
Northern Texas
30%
No matching quizzes found
Score Distribution
Percent of People with Each Score
Percentile by Number Answered
Your Score History
You have not taken this quiz